00705nam a2200241 a 4500001001300000003000900013005001700022008004100039020001000080082001600090100003300106245001600139260005400155300000800209500003500217505001000252650002100262700003300283902000800316942000700324952011700331999001500448nice12345678IN_TiNIC20260116012445.0050524s1956 hyda grp 000 0 urd  ac10000a297.42bHAS aHasrat, Mohd Abdul Qadeer Si aSilaa-E-Aam aHyderabad bMarkazi Anjuman Taleemus Salat c1956 a14p aincludes index and biblioraphy2 aIndex aSufism-Doctrines1 aHasrat, Mohd Abdul Qadeer Si bSRS cBK 001040708StackRoom-aHMIbHMId2007-07-03g100.00l0o297.42 HASp011389r2007-07-03v100.00w2005-05-24yBK c7094d7094